| 000 | 00329 a2200121 4500 | ||
|---|---|---|---|
| 000 | nam a22 7a 4500 | ||
| 005 | 20260409120514.0 | ||
| 020 | _a9781509560868 | ||
| 100 |
_aCarolin Amlinger _91234462 |
||
| 245 | _aOffended Freedom : The Rise of Libertarian Authoritarianism | ||
| 260 |
_bPolity Press _c2025 |
||
| 942 | _cTEXL | ||
| 999 |
_c1848163 _d1848163 |
||